• 首页
  • 本馆介绍
  • 公告通知
  • 最新文献
  • 馆藏检索
  • 电子资源
  • 读者导购
  • 参考咨询
  • 我的图书馆
  • 登录
  • 详细信息显示
  • 放入我的书架
  • 预约/预借图书
  • 作者相关作品
  • 分类相关作品
  • 丛书相关作品
  • 出版社相关作品

书目信息

  • 表格格式
  • 工作单格式
  • 卡片格式
题名:
姜昆李文华相声选
    
 
作者: 姜昆 , 李文华 著
分册:  
出版信息: 北京   广播出版社  1981
页数: 289页
开本: 19cm
丛书名: 广播文艺丛书
单 册:
中图分类: I239.77 , I23
科图分类:
主题词: 相声--中国--现代--选集
电子资源:
ISBN:
000 00742nam2 2200277 45
001 1538440036
005 20150126104102.12
010    @dCNY0.70
091    @aCN@b8236.005
100    @a19950704d1981 em y0chiy0121 ea
101 0  @achi
102    @aCN@b110000
105    @af z 000by
200 10 @a姜昆李文华相声选@Ajiang kun li wen hua xiang sheng xuan@f姜昆,李文华著
210    @a北京@c广播出版社@d1981
215    @a289页@c照片@d19cm
225 2  @a广播文艺丛书
410  0 @120010@a广播文艺丛书
606    @a相声@y中国@z现代@x选集
690    @aI239.77@v3
690    @aI23@v4
701  0 @a姜昆@Ajiang kun@4著
701  0 @a李文华@Ali wen hua@4著
801  0 @aCN@bTSSF@c20150126
801  2 @aCN@bNLC
905    @aZUCC@dI23@eJY9
    
    姜昆李文华相声选/姜昆,李文华著.-北京:广播出版社,1981
    289页:照片;19cm.-(广播文艺丛书)
    
    
    ISBN :CNY0.70
    
●
相关链接 在E读中查询图书 在五车中查询图书 在当当中查询图书 在豆瓣中查询图书


正题名:姜昆李文华相声选     索取号:I23/JY9         预约/预借

序号 登录号 条形码 馆藏地/架位号 状态 备注
1 7838866   278388665   学院路分馆/ [索取号:I23/JY9] 在馆    
唐山师范学院图书馆 欢迎您!
大连网信软件有限公司© 版权所有